|
|
|
|
| LEADER |
01073cam a2200265 7i4500 |
| 001 |
0000059155 |
| 005 |
20210726090000.0 |
| 020 |
|
|
|a 9781119378280 (electronic book)
|
| 090 |
0 |
0 |
|a RM301.25
|b .B56 2019
|
| 245 |
0 |
0 |
|a Bioprocessing technology for production of biopharmaceuticals and bioproducts
|c edited by Claire Komives, Weichang Zhou.
|
| 264 |
|
|
|a Hoboken, New Jersey:
|b John Wiley & Sons,
|c 2019.
|
| 300 |
|
|
|a 1 online resource (273 pages):
|b text file, PDF.
|
| 336 |
|
|
|a text
|2 rdacontent
|
| 337 |
|
|
|a computer
|2 rdamedia
|
| 338 |
|
|
|a online resource
|2 rdacarrier
|
| 490 |
0 |
|
|a Wiley series in biotechnology and bioengineering
|
| 650 |
|
0 |
|a Pharmaceutical biotechnology industry
|
| 650 |
|
0 |
|a Biotechnological process monitoring
|
| 655 |
|
0 |
|a Electronic books
|
| 700 |
1 |
|
|a Komives, Claire
|
| 700 |
1 |
|
|a Zhou, Weichang
|
| 856 |
4 |
2 |
|u http://library.unisel.edu.my/web/guest/mylibrary
|
| 997 |
|
|
|a Engineering & Life Sciences, Faculty
|b Science & Biotechnology, Department
|
| 998 |
|
|
|a Bioinformatics, Degree
|
| 999 |
|
|
|a EBO0005641
|b EBOOK
|c EBOOK
|e Electronic resources
|